Statistiques concernant Pays les plus peuplés qui bordent l'océan Indien

Cliquez ici pour prendre le quiz!

Statistiques générales

  • Ce quiz a été pris 3,438 fois
  • Le résultat moyen est 7 sur 10

Statistiques - réponses

Population Pays % Correct
1 330 780 000Inde
99%
260 581 000Indonésie
89%
194 516 000Pakistan
83%
68 145 000Thaïlande
83%
161 244 000Bangladesh
79%
54 363 426Birmanie
73%
79 605 500Iran
67%
55 654 000Afrique du Sud
53%
55 155 000Tanzanie
50%
91 750 900Égypte
40%

Distribution des résultats

Percentile par nombre de réponses

% des personnes avec chaque résultat

Votre développement - résultats

Vous n’avez pas pris ce quiz